ADHD a poruchy správania

Bibliographic Details
Main Authors: Mažgútová, Alena, 1955- (Author), Ondrejková, E. (Author), Ondrejka, Igor, 1967- (Author), Adamík, P. (Author), Olos, R. (Author)
Format: Article
Language:Slovak
ISBN:9788088866497

MARC

LEADER 00000naa a2200000uu 4500
001 vtls010963104
003 SK-MaSNL
005 20260302121345.0
008 210909|2007 xo |||||||||||||||||slo|
015 |a SNBRA 
035 |a (urnnbn)urn:nbn:sk:snk:ar-a0btjw 
035 |a (uuid)d69871de-68f9-4b9b-8fc6-79d162c14924 
035 |a urn:nbn:sk:snk-aaul2c 
040 |a SNKBUCL  |b slo  |c SNKBUCL  |e AACR2 
041 0 |a slo 
044 |a xo  |c SK 
100 1 |a Mažgútová, Alena,  |d 1955-  |4 aut  |9 197665 
245 1 0 |a ADHD a poruchy správania  |c A. Mažgútová, E. Ondrejková, I. Ondrejka, P. Adamík, R. Olos 
700 1 |a Ondrejková, E.  |4 aut  |9 803233 
700 1 |a Ondrejka, Igor,  |d 1967-  |4 aut  |9 197653 
700 1 |a Adamík, P.  |4 aut  |9 781741 
700 1 |a Olos, R.  |4 aut  |9 800737 
773 0 |t Diagnostika a terapia v pediatrii  |d V Bratislave : Univerzita Komenského ; V Martine : Jesseniova lekárska fakulta, 2007  |g S. 32-34  |z 9788088866497 
958 |a OND 
958 |a article11 
958 |a chapter 
999 |c 1273713  |d 1275643